[Event "Superettan(Manhem II-Orebro)"]
[Site "?"]
[Date "2010.02.27"]
[Round "6"]
[White "Andersson, Kaj"]
[Black "Horngren, Johannes"]
[Result "1-0"]
[WhiteElo "2046"]
[BlackElo "1619"]
[PlyCount "55"]

1. d4 d5 2. c4 e6 3. Nc3 Nf6 4. Bg5 Nbd7 5. cxd5 exd5 6. Qb3 c6 7. Nf3 Be7 8.
e3 O-O 9. Bd3 Re8 10. O-O Ne4 11. Bf4 Ng5 12. Ne5 Bf6 13. Ng4 Nf8 14. h3 Be7
15. Bh2 Bd6 16. Ne5 f6 17. f4 fxe5 18. fxg5 Qxg5 19. Rf3 Kh8 20. dxe5 Bxe5 21.
Raf1 Bxh2+ 22. Kxh2 Bd7 23. Qxb7 g6 24. Qc7 Rab8 25. Qd6 Kg8 26. Rg3 Qe5 27.
Rxf8+ Kg7 28. Qxe5+ 1-0

[Event "Superettan(Rodeby-Solna)"]
[Site "?"]
[Date "2010.02.27"]
[Round "6"]
[White "Jonsson, Mikael"]
[Black "Greiff, Hakan"]
[Result "1-0"]
[WhiteElo "2317"]
[BlackElo "2304"]
[PlyCount "57"]
[EventDate "2010.??.??"]
[SourceDate "2010.03.04"]

1. e4 e5 2. Nf3 Nc6 3. Bb5 a6 4. Ba4 d6 5. Bxc6+ bxc6 6. d4 exd4 7. Nxd4 Bd7 8.
O-O g6 9. Re1 Bg7 10. Qd3 Ne7 11. Nc3 O-O 12. Bg5 f6 13. Bh4 Qc8 14. Rad1 Rb8
15. b3 Rf7 16. f4 Qb7 17. f5 Qc8 18. g4 Bh6 19. Nde2 gxf5 20. exf5 Rg7 21. Ng3
Qf8 22. Nce4 Nd5 23. h3 Rf7 24. Qd4 Bf4 25. Nh5 Be5 26. Qd2 Ne7 27. Nexf6+ Rxf6
28. Rxe5 Rf7 29. Qg5+ 1-0

[Event "Superettan(Rodeby-Solna)"]
[Site "?"]
[Date "2010.02.27"]
[Round "6"]
[White "Ostling, Hakan"]
[Black "Lindberg, Bengt"]
[Result "0-1"]
[WhiteElo "2155"]
[BlackElo "2448"]
[PlyCount "106"]

1. f4 d5 2. Nf3 g6 3. e3 Bg7 4. Be2 Nh6 5. O-O O-O 6. a4 Nc6 7. d4 a5 8. Na3
Bf5 9. c3 f6 10. Qb3 Qd7 11. Rd1 Kh8 12. c4 e6 13. Bd2 Ne7 14. Nb5 Nf7 15. Rac1
c6 16. Nc3 g5 17. Be1 Ng6 18. g3 Rg8 19. Nd2 Bh3 20. Bf3 Nh6 21. Ne2 Bg4 22.
Bxg4 Nxg4 23. Nf3 gxf4 24. exf4 Ne7 25. Rd3 dxc4 26. Rxc4 Nd5 27. Bd2 Bf8 28.
Rc1 Bd6 29. Re1 Nh6 30. Nh4 b6 31. Nc3 Nb4 32. Rf3 Rae8 33. Ne4 Be7 34. Bc3 Nd5
35. Ng2 Nf5 36. Qc4 Nd6 37. Qd3 Nxe4 38. Qxe4 Bd6 39. Ne3 f5 40. Qc2 Qf7 41.
Ng2 Bf8 42. Ne3 Bg7 43. Nc4 Qa7 44. Qd2 b5 45. Nxa5 b4 46. Nxc6 bxc3 47. bxc3
Qxa4 48. Ne5 Bxe5 49. Rxe5 Nf6 50. Rf1 Ne4 51. Qd3 Qa2 52. c4 Rb8 53. Rxe6 Rb3
0-1

[Event "Superettan(Rodeby-Solna)"]
[Site "?"]
[Date "2010.02.27"]
[Round "6"]
[White "Bergstrom, Christer"]
[Black "Eriksson, Bengt"]
[Result "1-0"]
[WhiteElo "2372"]
[BlackElo "2066"]
[PlyCount "59"]

1. Nf3 f5 2. d4 d6 3. c4 g6 4. Nc3 Bg7 5. g3 Nf6 6. Bg2 O-O 7. O-O Qe8 8. d5 c5
9. Re1 Na6 10. a3 Nc7 11. e4 fxe4 12. Nxe4 Nxe4 13. Rxe4 Bf5 14. Rh4 Bf6 15.
Ng5 h5 16. h3 e5 17. g4 Qe7 18. Qd2 hxg4 19. hxg4 Bxg5 20. Qxg5 Qxg5 21. Bxg5
Bd3 22. Be7 Rfe8 23. Bxd6 Na6 24. Re1 e4 25. b3 Rad8 26. Bg3 b5 27. cxb5 Bxb5
28. Rxe4 Bd3 29. Re6 Nb8 30. Be5 1-0

[Event "Superettan(Rodeby-Solna)"]
[Site "?"]
[Date "2010.02.27"]
[Round "6"]
[White "Bernhardsson, Sten"]
[Black "Johansson, Gunnar"]
[Result "1/2-1/2"]
[WhiteElo "2049"]
[BlackElo "2284"]
[PlyCount "51"]
[EventDate "2010.??.??"]

1. d4 d5 2. c4 e6 3. Nf3 c6 4. Nc3 Nf6 5. Bg5 dxc4 6. e3 b5 7. a4 Qb6 8. Be2
Bb7 9. O-O a6 10. Ne5 Be7 11. Qc2 O-O 12. Ne4 Qd8 13. Bf3 h6 14. Bh4 Nxe4 15.
Bxe7 Qxe7 16. Bxe4 Qc7 17. b3 cxb3 18. Qxb3 Nd7 19. Nxd7 Qxd7 20. Rfc1 c5 21.
Bxb7 Qxb7 22. Rxc5 Rfc8 23. Rac1 Rxc5 24. Rxc5 Rc8 25. Rxc8+ Qxc8 26. Kf1
1/2-1/2

[Event "Superettan(Rodeby-Solna)"]
[Site "?"]
[Date "2010.02.27"]
[Round "6"]
[White "Karlsson, Tomas"]
[Black "Dolgov, Mikhail"]
[Result "1-0"]
[WhiteElo "2270"]
[BlackElo "1998"]
[PlyCount "53"]
[EventDate "2010.??.??"]

1. e4 e5 2. Nf3 Nc6 3. Bb5 a6 4. Ba4 Nf6 5. O-O b5 6. Bb3 Be7 7. Re1 O-O 8. c3
d5 9. exd5 e4 10. dxc6 exf3 11. d4 Bd6 12. Qxf3 Re8 13. Rxe8+ Qxe8 14. Qd1 Bg4
15. f3 Bh5 16. Bg5 Ne4 17. Bh4 g5 18. Qe1 Nc5 19. dxc5 Bxc5+ 20. Kh1 gxh4 21.
Qxh4 Qe3 22. Nd2 Bg6 23. Ne4 Bxe4 24. fxe4 Re8 25. Bxf7+ Kxf7 26. Qxh7+ Ke6 27.
Qd7+ 1-0

[Event "Superettan(Rodeby-Solna)"]
[Site "?"]
[Date "2010.02.27"]
[Round "6"]
[White "Lundgren, Ulf"]
[Black "Landgren, Andreas"]
[Result "0-1"]
[WhiteElo "1980"]
[BlackElo "2220"]
[PlyCount "64"]
[EventDate "2010.??.??"]

1. e4 c5 2. Nf3 d6 3. d3 Nc6 4. c3 Nf6 5. Be2 g6 6. h3 Bg7 7. Be3 Rb8 8. Qc1 b5
9. Bh6 Bxh6 10. Qxh6 b4 11. c4 e5 12. O-O Nh5 13. Re1 Ne7 14. Nh2 Ng8 15. Qe3
Nf4 16. Bg4 Bxg4 17. Nxg4 Qg5 18. Qf3 Ne7 19. Re3 h5 20. Nh2 Nc6 21. Qg3 Qe7
22. f3 Nd4 23. Qf2 Qg5 24. Kh1 Nxg2 25. Qxg2 Qxe3 26. Qd2 Qxd2 27. Nxd2 Ne6 28.
Kg2 Nf4+ 29. Kg3 h4+ 30. Kg4 Nxd3 31. b3 Nf2+ 32. Kg5 Ke7 0-1

[Event "Superettan(Rodeby-Solna)"]
[Site "?"]
[Date "2010.02.27"]
[Round "6"]
[White "Bjarnehag, Peter"]
[Black "Svensson, Orjan"]
[Result "1/2-1/2"]
[WhiteElo "2190"]
[BlackElo "1917"]
[PlyCount "83"]

1. Nf3 c5 2. c4 Nc6 3. d4 cxd4 4. Nxd4 Nf6 5. Nc3 e6 6. g3 d5 7. cxd5 exd5 8.
Bg2 Be7 9. O-O O-O 10. Bg5 h6 11. Bf4 a6 12. Rc1 Re8 13. Nxc6 bxc6 14. e4 Bg4
15. Qa4 d4 16. e5 Nh5 17. Ne4 Nxf4 18. gxf4 Be2 19. Rfe1 d3 20. Bf1 Bxf1 21.
Rxf1 Qd7 22. Rfd1 Qg4+ 23. Ng3 Red8 24. Kg2 Rab8 25. h3 Qg6 26. f5 Qg5 27. b3
Rb4 28. Qxc6 h5 29. f6 gxf6 30. exf6 Bxf6 31. Rc5 Qg6 32. Rxh5 Rf4 33. Rd5 Rxd5
34. Qxd5 Bd4 35. Qd8+ Kh7 36. Rd2 Qc6+ 37. Kh2 Qc3 38. Nf1 Rxf2+ 39. Rxf2 Bxf2
40. Qd5 Bd4 41. Qxf7+ Bg7 42. Qh5+ 1/2-1/2

[Event "Superettan(Rodeby-Solna)"]
[Site "?"]
[Date "2010.02.27"]
[Round "6"]
[White "Lennerstad, Hakan"]
[Black "Steneskog, Per"]
[Result "0-1"]
[WhiteElo "1806"]
[BlackElo "2219"]
[PlyCount "74"]

1. Nf3 d5 2. g3 Nf6 3. Bg2 c5 4. O-O Nc6 5. d4 e6 6. c4 Be7 7. Nc3 O-O 8. dxc5
Bxc5 9. cxd5 exd5 10. b3 Re8 11. Bb2 Bg4 12. h3 Be6 13. Rc1 Be7 14. Ng5 Qd7 15.
Nxe6 fxe6 16. Qd2 Rad8 17. Rfd1 Bf8 18. f4 Bb4 19. Qd3 Qe7 20. Nb5 Bc5+ 21. Kh2
Kh8 22. Nd4 Rc8 23. e3 Red8 24. Qb5 Bb6 25. Nc2 Qf7 26. Nd4 h5 27. Ba3 Nxd4 28.
exd4 h4 29. g4 Ne4 30. Qf1 Ng3 31. Qf2 Bc7 32. Rc2 Bxf4 33. Kg1 Rxc2 34. Qxc2
Be3+ 35. Kh2 Qf4 36. Bh1 Ne2+ 37. Kg2 Qf2# 0-1

[Event "Superettan(Rockaden,Sthlm II-SodraSASS)"]
[Site "?"]
[Date "2010.02.27"]
[Round "6"]
[White "Furhoff, Johan"]
[Black "Sandbom, Jonas"]
[Result "1/2-1/2"]
[WhiteElo "2410"]
[BlackElo "2212"]
[PlyCount "99"]
[EventDate "2010.??.??"]

1. e4 c5 2. Nc3 Nc6 3. f4 d6 4. Bb5 Bd7 5. Nf3 Nd4 6. Bxd7+ Qxd7 7. Nxd4 cxd4
8. Ne2 e5 9. d3 Be7 10. O-O Nf6 11. Ng3 O-O-O 12. c3 dxc3 13. bxc3 Kb8 14. Qb3
Rc8 15. Nf5 Bd8 16. Ba3 Bb6+ 17. Kh1 Bc5 18. Bxc5 Rxc5 19. Rab1 Ne8 20. fxe5
dxe5 21. Nxg7 Rc7 22. Nxe8 Rxe8 23. Rf3 Re6 24. Qa3 Qd6 25. Qxd6 Rxd6 26. c4
Ra6 27. Rb2 Rd7 28. Kg1 Ra3 29. Rd2 Rc3 30. g3 a5 31. Kf2 Rxc4 32. Ke3 Rc6 33.
Rf5 f6 34. g4 Rg7 35. Rg2 h6 36. h3 Kc7 37. Rgf2 Rg6 38. Kd2 b6 39. a4 Kd7 40.
d4 exd4 41. Rd5+ Ke6 42. Rxd4 Rc5 43. Rf5 Rg5 44. Kd3 h5 45. Rdd5 hxg4 46. hxg4
Rxg4 47. Rxc5 bxc5 48. Rxc5 Rg5 49. Rb5 Rxb5 50. axb5 1/2-1/2

[Event "Superettan(Rockaden,Sthlm II-SodraSASS)"]
[Site "?"]
[Date "2010.02.27"]
[Round "6"]
[White "Backman, Michael"]
[Black "Sjoberg, Mats"]
[Result "0-1"]
[WhiteElo "2121"]
[BlackElo "2356"]
[PlyCount "44"]
[SourceDate "2010.03.04"]

1. d4 Nf6 2. c4 e6 3. a3 c5 4. Nf3 cxd4 5. Nxd4 b6 6. Nc3 Bb7 7. Bg5 a6 8. e4
Be7 9. e5 Ne4 10. Nxe4 Bxe4 11. Bxe7 Qxe7 12. Qg4 Bg6 13. Be2 Nc6 14. Nxc6 dxc6
15. O-O O-O 16. Bf3 Rad8 17. Rfd1 Bc2 18. Rxd8 Rxd8 19. Bxc6 Qc5 20. Bb7 Qxe5
21. Qh4 f6 22. Bxa6 Bd1 0-1

[Event "Superettan(Rockaden,Sthlm II-SodraSASS)"]
[Site "?"]
[Date "2010.02.27"]
[Round "6"]
[White "Winge, Stefan"]
[Black "Todorovic, Zoran"]
[Result "1-0"]
[WhiteElo "2317"]
[BlackElo "2072"]
[PlyCount "73"]

1. e4 c5 2. Nf3 d6 3. d4 cxd4 4. Nxd4 Nf6 5. Nc3 g6 6. f3 Bg7 7. Be3 Nc6 8. Qd2
O-O 9. O-O-O Bd7 10. Kb1 Rc8 11. g4 Nxd4 12. Bxd4 Be6 13. h4 a6 14. h5 b5 15.
Nd5 Bxd5 16. exd5 Qc7 17. Bh3 Qc4 18. hxg6 hxg6 19. Qh2 Rfd8 20. b3 Qc7 21. Bf1
e5 22. dxe6 fxe6 23. Bd3 e5 24. Bb2 Qf7 25. Qh4 Re8 26. Qg5 e4 27. fxe4 Rc5 28.
e5 Rexe5 29. Bxe5 dxe5 30. Bxg6 Qc7 31. Qf5 Qe7 32. Rd8+ Bf8 33. g5 Rc6 34.
gxf6 Rxf6 35. Qh5 Qg7 36. Bh7+ Kh8 37. Be4+ 1-0

[Event "Superettan(Rockaden,Sthlm II-SodraSASS)"]
[Site "?"]
[Date "2010.02.27"]
[Round "6"]
[White "Nizov, Anton"]
[Black "Adler, Bo"]
[Result "1-0"]
[WhiteElo "2071"]
[BlackElo "2246"]
[PlyCount "43"]

1. d4 d5 2. c4 dxc4 3. Nf3 Nf6 4. e3 Bg4 5. Bxc4 e6 6. O-O a6 7. h3 Bh5 8. Qe2
Nc6 9. Rd1 Bd6 10. Nc3 O-O 11. e4 Bxf3 12. Qxf3 e5 13. dxe5 Nxe5 14. Qe2 Nxc4
15. Qxc4 Nd7 16. Be3 Qh4 17. Rd5 h6 18. f4 Rae8 19. Qd3 g5 20. e5 Nxe5 21. fxe5
Bxe5 22. Bc5 1-0

[Event "Superettan(Rockaden,Sthlm II-SodraSASS)"]
[Site "?"]
[Date "2010.02.27"]
[Round "6"]
[White "Broden, Per"]
[Black "Heden, Gustav"]
[Result "0-1"]
[WhiteElo "1949"]
[BlackElo "2055"]
[PlyCount "44"]

1. e4 c5 2. Nc3 g6 3. d4 cxd4 4. Qxd4 Nf6 5. Bg5 Bg7 6. Qd2 O-O 7. h4 Qb6 8.
O-O-O Nxe4 9. Qe1 Nxc3 10. bxc3 Nc6 11. h5 Qc5 12. Bd2 Qa3+ 13. Kb1 b5 14. Ne2
Nb4 15. Nc1 Bb7 16. Rh4 a5 17. Rd4 Bd5 18. Rxd5 Nxd5 19. Ne2 Nb4 20. Nc1 Rfc8
21. Qe4 d5 22. Qxe7 Rxc3 0-1

[Event "Superettan(Rockaden,Sthlm II-SodraSASS)"]
[Site "?"]
[Date "2010.02.27"]
[Round "6"]
[White "Revelj, Oskar"]
[Black "Hjerten, Teo"]
[Result "1/2-1/2"]
[WhiteElo "2045"]
[BlackElo "1826"]
[PlyCount "67"]

1. d4 Nf6 2. c4 e6 3. Nc3 d5 4. Nf3 c6 5. cxd5 exd5 6. Qc2 Be7 7. Bf4 Nbd7 8.
e3 O-O 9. Bd3 Re8 10. O-O Nf8 11. h3 Ne6 12. Be5 g6 13. Rab1 Ng7 14. b4 Bf5 15.
b5 Rc8 16. Bxf5 Nxf5 17. bxc6 Rxc6 18. Rfc1 Ba3 19. Rd1 Ne4 20. Rd3 Qa5 21. Qa4
Qxa4 22. Nxa4 Rc1+ 23. Rxc1 Bxc1 24. g4 Ne7 25. Nc5 Rc8 26. Rd1 Ba3 27. Nxe4
dxe4 28. Ng5 f5 29. gxf5 gxf5 30. d5 h6 31. Ne6 Kf7 32. Nf4 Rd8 33. Kh1 Bd6 34.
Bxd6 1/2-1/2

[Event "Superettan(Rockaden,Sthlm II-SodraSASS)"]
[Site "?"]
[Date "2010.02.27"]
[Round "6"]
[White "Franzen, Bo"]
[Black "Garde, Gunnar"]
[Result "0-1"]
[WhiteElo "1819"]
[BlackElo "1880"]
[PlyCount "82"]

1. e4 e6 2. d4 d5 3. Nc3 Nf6 4. Bg5 Be7 5. Bxf6 Bxf6 6. e5 Be7 7. Qg4 g6 8. f4
h5 9. Qh3 Rf8 10. Bd3 c5 11. Nf3 c4 12. Be2 Nc6 13. g4 hxg4 14. Qxg4 Qb6 15.
O-O-O Bd7 16. h4 O-O-O 17. h5 gxh5 18. Rxh5 Qa5 19. Rdh1 Bb4 20. Nd1 Qxa2 21.
c3 Be7 22. Qg7 Na5 23. Kd2 Ba4 24. Rh8 Bxd1 25. Bxd1 Qxb2+ 26. Ke3 Qxc3+ 27.
Kf2 Qb2+ 28. Be2 Nc6 29. Rxf8 Rxf8 30. Rh8 Rxh8 31. Qxh8+ Nd8 32. Qe8 Qb4 33.
Kg3 b5 34. Bf1 a5 35. Bh3 c3 36. f5 c2 37. fxe6 fxe6 38. Bxe6+ Kb8 39. Bxd5
c1=Q 40. Qg6 Qc7 41. Qa6 Qa7 0-1

[Event "Superettan(Mark-En Passant)"]
[Site "?"]
[Date "2010.02.27"]
[Round "6"]
[White "Mansson, Peter"]
[Black "Svensson, Sven"]
[Result "1/2-1/2"]
[WhiteElo "2068"]
[BlackElo "2296"]
[PlyCount "81"]

1. e4 e5 2. Nf3 Nc6 3. Bc4 Bc5 4. b4 Bb6 5. a4 a6 6. Bb2 d6 7. d4 exd4 8. Nxd4
Qf6 9. c3 Qg6 10. O-O Ne5 11. Be2 Bh3 12. Bf3 Nf6 13. Kh1 Bd7 14. a5 Ba7 15.
Nf5 Bb5 16. c4 Nxc4 17. Bd4 Bxd4 18. Qxd4 Ne5 19. Rc1 Bc6 20. Nc3 Rd8 21. b5
axb5 22. Rab1 Rd7 23. Nxb5 O-O 24. Nxc7 Nxf3 25. gxf3 Qh5 26. Qc3 Rxc7 27. Nxg7
Qe5 28. Qxe5 dxe5 29. Rg1 Kh8 30. Rb4 Rg8 31. Nf5 Rxg1+ 32. Kxg1 Bd7 33. Nd6
Bh3 34. Rb1 Bc8 35. a6 b6 36. a7 Rxa7 37. Nxc8 Ra3 38. Nxb6 Rxf3 39. Kg2 Rc3
40. f3 Nh5 41. Nd5 1/2-1/2

[Event "Superettan(Mark-En Passant)"]
[Site "?"]
[Date "2010.02.27"]
[Round "6"]
[White "Sixtensson, Mikael"]
[Black "Johansson, Roland"]
[Result "1/2-1/2"]
[WhiteElo "2271"]
[BlackElo "1956"]
[PlyCount "59"]

1. Nf3 d6 2. d4 f5 3. g3 Nf6 4. Bg2 g6 5. O-O Bg7 6. c4 O-O 7. Nc3 Nc6 8. d5
Ne5 9. Nxe5 dxe5 10. b3 e4 11. Bb2 e6 12. dxe6 Bxe6 13. Qc2 c6 14. Rad1 Qe7 15.
f3 exf3 16. exf3 Rad8 17. Rfe1 Rfe8 18. Qf2 Nd7 19. Bf1 Qb4 20. Qc2 Ne5 21. Kg2
Rxd1 22. Qxd1 Qe7 23. Nd5 cxd5 24. Bxe5 dxc4 25. Bxg7 Kxg7 26. Bxc4 Qd7 27.
Qa1+ Kf7 28. Rxe6 Rxe6 29. Qc1 b5 30. Bxe6+ 1/2-1/2

[Event "Superettan(Mark-En Passant)"]
[Site "?"]
[Date "2010.02.27"]
[Round "6"]
[White "Carlsson, Christofer"]
[Black "Svensson, Leif"]
[Result "1/2-1/2"]
[WhiteElo "2145"]
[BlackElo "2236"]
[PlyCount "96"]
[EventDate "2010.??.??"]

1. d4 d5 2. c4 Bf5 3. Nc3 Nf6 4. f3 e6 5. Bg5 Be7 6. e3 Nc6 7. a3 O-O 8. Bd3
Bxd3 9. Qxd3 dxc4 10. Qxc4 Nd5 11. Bxe7 Qxe7 12. Kf2 Rad8 13. Nge2 Qg5 14. Nxd5
exd5 15. Qd3 Rfe8 16. Nf4 Ne7 17. h4 Qf5 18. g4 Qxd3 19. Nxd3 Rd6 20. Rac1 c6
21. Rc2 h5 22. Nf4 hxg4 23. fxg4 Rf6 24. Kg2 Nc8 25. Rh3 Nd6 26. g5 Rf5 27. b3
Nb5 28. a4 Nxd4 29. Rb2 Ne6 30. Nd3 d4 31. exd4 Nxd4 32. Nf2 c5 33. b4 cxb4 34.
Rxb4 Nc2 35. Rxb7 Re2 36. Rf3 Ne1+ 37. Kf1 Nxf3 38. Kxe2 a5 39. Ne4 Nxh4 40.
Rb5 Nf3 41. Rb8+ Kh7 42. Nd6 Nd4+ 43. Ke3 Nc2+ 44. Kd3 Rd5+ 45. Kxc2 Rxd6 46.
Rb5 Ra6 47. Kd3 Kg6 48. Ke4 f6 1/2-1/2

[Event "Superettan(Mark-En Passant)"]
[Site "?"]
[Date "2010.02.27"]
[Round "6"]
[White "Oscarsson, Bo-Lennart"]
[Black "Sjofors, Holger"]
[Result "1-0"]
[WhiteElo "2177"]
[BlackElo "1912"]
[PlyCount "80"]

1. e4 e5 2. Nf3 Nf6 3. d4 Nxe4 4. Bd3 d5 5. Nxe5 Bd6 6. O-O O-O 7. c4 c6 8. Nc3
Be6 9. cxd5 cxd5 10. Nxe4 dxe4 11. Bxe4 Qe7 12. Re1 Bxe5 13. dxe5 Na6 14. Qh5
g6 15. Qh6 f5 16. exf6 Qxf6 17. Be3 Rae8 18. Rad1 Bxa2 19. Bxb7 Nb4 20. Bf3 Nc2
21. Re2 Nxe3 22. fxe3 Rd8 23. Ra1 Bd5 24. Rxa7 Rf7 25. Rxf7 Bxf7 26. Qf4 Qb6
27. h3 Rf8 28. Qd4 Qc7 29. Rf2 Rd8 30. Qc3 Qxc3 31. bxc3 Rd3 32. Rc2 Rxe3 33.
c4 Re7 34. c5 Be6 35. c6 Rc7 36. Kf2 Kf7 37. Ke3 Ke7 38. Kf4 Bf5 39. Rc1 Be6
40. Ke5 Kf7 1-0

[Event "Superettan(Mark-En Passant)"]
[Site "?"]
[Date "2010.02.27"]
[Round "6"]
[White "Karlsson, Anders"]
[Black "Hautajarvi, Jukka"]
[Result "1/2-1/2"]
[WhiteElo "1898"]
[BlackElo "2187"]
[PlyCount "81"]

1. e4 Nc6 2. Nc3 g6 3. d4 Bg7 4. Be3 d6 5. Qd2 a6 6. d5 Nb8 7. f3 h5 8. Nge2
Nf6 9. Nd4 c5 10. Nde2 Nbd7 11. h3 b5 12. a3 Ne5 13. Nc1 Rb8 14. f4 Ned7 15.
Bd3 Qc7 16. O-O c4 17. Be2 a5 18. Bf3 Nc5 19. e5 Nfd7 20. e6 Nf6 21. exf7+ Kxf7
22. Bd4 Bf5 23. Re1 h4 24. b4 Ncd7 25. N1e2 a4 26. Bf2 Nf8 27. Nd4 Bd7 28. Qe2
Qb7 29. Rad1 Nh5 30. f5 Nf4 31. Qe4 g5 32. Ne6 Bxe6 33. fxe6+ Kg8 34. Bd4 N8g6
35. Bxg7 Kxg7 36. Ne2 Rhf8 37. Nd4 Rf6 38. Nc6 Qb6+ 39. Kh2 Rbf8 40. Bg4 Qf2
41. Nd4 1/2-1/2

[Event "Superettan(Mark-En Passant)"]
[Site "?"]
[Date "2010.02.27"]
[Round "6"]
[White "Olofsson, Hans-Erik"]
[Black "Andersson, Erik"]
[Result "1-0"]
[WhiteElo "2151"]
[BlackElo "1669"]
[PlyCount "75"]
[EventDate "2010.??.??"]

1. e4 c5 2. Nc3 Nc6 3. f4 d6 4. Nf3 Bg4 5. h3 Bxf3 6. Qxf3 e6 7. d3 g6 8. Nd1
Bh6 9. g3 e5 10. c3 exf4 11. gxf4 Qh4+ 12. Nf2 Nf6 13. Rg1 Nh5 14. Rg4 Qf6 15.
Be2 Nd8 16. e5 dxe5 17. fxe5 Qxf3 18. Bxf3 Bxc1 19. Rxc1 f5 20. Rc4 Ng7 21.
Rxc5 Nge6 22. Rb5 Rb8 23. d4 b6 24. Rd1 Rg8 25. c4 Nc7 26. Rb3 Nb7 27. Rc3 Kd7
28. b4 Rgc8 29. a4 Ke6 30. Nd3 Ne8 31. d5+ Ke7 32. c5 bxc5 33. bxc5 Na5 34. Nf4
Rb3 35. d6+ Kd8 36. Rxb3 Nxb3 37. c6 Ng7 38. e6 1-0

[Event "Superettan(Mark-En Passant)"]
[Site "?"]
[Date "2010.02.27"]
[Round "6"]
[White "Kristensson, Hakan"]
[Black "Voigt, Lennart"]
[Result "0-1"]
[WhiteElo "1604"]
[BlackElo "2140"]
[PlyCount "80"]

1. d4 d5 2. e3 Nf6 3. Bd3 c5 4. c3 e6 5. Nd2 Be7 6. f4 Qc7 7. Nh3 b6 8. O-O
Nbd7 9. Qe2 Bb7 10. Nf2 cxd4 11. exd4 Qxf4 12. Nf3 Qc7 13. Ne5 Nxe5 14. dxe5
Nd7 15. Bf4 Nc5 16. Bg3 Nxd3 17. Qxd3 a5 18. Qd2 Ba6 19. Nd3 O-O 20. Rf3 Rad8
21. Bf4 d4 22. Rg3 dxc3 23. bxc3 Bc5+ 24. Kh1 Rxd3 25. Rxd3 Bxd3 26. Qxd3 Rd8
27. Qg3 Qd7 28. h3 Qd1+ 29. Qe1 Qd5 30. Qh4 Rd7 31. Qg4 Qc4 32. Qf3 Qd3 33. Qc6
h6 34. Rc1 Kh7 35. Kh2 Rd5 36. Qe8 Qf5 37. Bg3 Rd3 38. Qb5 Rxg3 39. Kxg3 Bf2+
40. Kh2 Qf4+ 0-1

[Event "Superettan(Mark-En Passant)"]
[Site "?"]
[Date "2010.02.27"]
[Round "6"]
[White "Kleimark, Anders"]
[Black "Johansson, Sven"]
[Result "1-0"]
[WhiteElo "1974"]
[BlackElo "1556"]
[PlyCount "65"]

1. d4 e6 2. c4 d5 3. Nc3 Nf6 4. Nf3 c5 5. cxd5 Nxd5 6. e3 a6 7. Bd3 Be7 8. O-O
O-O 9. a3 b5 10. Qc2 cxd4 11. Bxh7+ Kh8 12. exd4 g6 13. Bxg6 fxg6 14. Qxg6 Nf6
15. Ne5 Qe8 16. Qh6+ Nh7 17. Ne4 Rg8 18. Re1 Nd7 19. Qxe6 Ndf6 20. Qb3 Nxe4 21.
Rxe4 Nf6 22. Rh4+ Nh5 23. Nf7+ Kg7 24. Rxh5 Bf6 25. Bh6+ Kg6 26. Nd6 Qe6 27.
Qf3 Ra7 28. Bf4 Re7 29. h3 Rd7 30. Rc5 Rh8 31. Qg3+ Bg5 32. Rxg5+ Kh7 33. Rh5+
1-0

[Event "Superettan(Mark-Orebro)"]
[Site "?"]
[Date "2010.02.28"]
[Round "5"]
[White "Gruvaeus, Curt"]
[Black "Mohammadi, Amir"]
[Result "0-1"]
[WhiteElo "2352"]
[BlackElo "2331"]
[PlyCount "50"]
[EventDate "2010.??.??"]

1. d4 f5 2. e4 fxe4 3. f3 e3 4. Bxe3 Nf6 5. Bd3 e6 6. Ne2 b6 7. Nbc3 Bb7 8. Qd2
Nc6 9. a3 Qe7 10. O-O-O O-O-O 11. Rhe1 g6 12. Bc4 Bg7 13. Bh6 Rhe8 14. Ng3 Qf8
15. Bf4 Na5 16. Bb5 Nd5 17. Bg5 Bf6 18. h4 Bxg5 19. hxg5 Nxc3 20. Qxc3 Qf4+ 21.
Qd2 Qxg3 22. Rh1 Re7 23. Rh3 Qd6 24. Rdh1 Rh8 25. b4 Qd5 0-1

[Event "Superettan(Mark-Orebro)"]
[Site "?"]
[Date "2010.02.28"]
[Round "5"]
[White "Svensson, Sven"]
[Black "Fransson, Peter"]
[Result "1/2-1/2"]
[WhiteElo "2296"]
[BlackElo "2342"]
[PlyCount "104"]
[SourceDate "2010.03.04"]

1. d4 Nf6 2. c4 g6 3. Nc3 Bg7 4. Bg5 O-O 5. Nf3 d6 6. e3 Nbd7 7. Be2 h6 8. Bh4
c6 9. Qc2 a6 10. O-O b5 11. d5 c5 12. cxb5 axb5 13. Bxb5 Ba6 14. Bxa6 Rxa6 15.
Nd2 Qa8 16. e4 Rb8 17. Nc4 Nb6 18. Nxb6 Raxb6 19. b3 Qa5 20. Rac1 Rb4 21. f3 c4
22. Bf2 cxb3 23. axb3 Rxb3 24. Rb1 Rxb1 25. Nxb1 Nd7 26. Nd2 Qc3 27. Rc1 Rc8
28. Qxc3 Rxc3 29. Rxc3 Bxc3 30. Be3 h5 31. Kf2 f5 32. Ke2 Bxd2 33. Kxd2 fxe4
34. fxe4 Nf6 35. Kd3 Kf7 36. Bd4 Nd7 37. h3 e6 38. dxe6+ Kxe6 39. Ke3 Nb8 40.
Kf4 Nc6 41. Bc3 Kf7 42. g4 hxg4 43. Kxg4 Ne5+ 44. Bxe5 dxe5 45. Kg5 Kg7 46. h4
Kf7 47. h5 gxh5 48. Kxh5 Kf6 49. Kh6 Ke6 50. Kg6 Ke7 51. Kf5 Kf7 52. Kxe5 Ke7
1/2-1/2

[Event "Superettan(Mark-Orebro)"]
[Site "?"]
[Date "2010.02.28"]
[Round "5"]
[White "Lind, Jan-Olov"]
[Black "Abdollahzadeh, Arash"]
[Result "1-0"]
[WhiteElo "2243"]
[BlackElo "2312"]
[PlyCount "149"]

1. e4 c5 2. Nf3 e6 3. d3 Nc6 4. g3 d5 5. Nbd2 Bd6 6. Bg2 Nge7 7. O-O O-O 8. Re1
f6 9. c3 Qc7 10. a3 a5 11. a4 b6 12. Nb1 Ba6 13. Bh3 Bc8 14. Na3 e5 15. Nb5 Qd8
16. Bxc8 Rxc8 17. exd5 Nxd5 18. Qb3 Bb8 19. Bd2 Kh8 20. Rad1 Qd7 21. Na3 Rcd8
22. Qc4 Qf5 23. Qe4 Qh5 24. Kg2 f5 25. Qh4 Qxh4 26. Nxh4 Rd7 27. Nc4 Bc7 28.
Nf3 Re8 29. Nfxe5 Bxe5 30. f4 Rde7 31. fxe5 Nxe5 32. Rxe5 Rxe5 33. Nxe5 Rxe5
34. Kf3 Kg8 35. c4 Ne7 36. Bc3 Re6 37. d4 cxd4 38. Rxd4 Kf7 39. Rd7 g5 40. Bd4
Ke8 41. Rb7 Re4 42. Bf6 g4+ 43. Kf2 Ng8 44. Bc3 Rxc4 45. Rxb6 Rxa4 46. Rb5 f4
47. gxf4 Rxf4+ 48. Kg3 Re4 49. Rxa5 Kf7 50. Rg5 Nh6 51. Re5 Rc4 52. Kh4 Ng8 53.
Rg5 Ne7 54. Rxg4 Ng6+ 55. Kg3 Rc6 56. Rg5 Ke6 57. h4 Ne7 58. Re5+ Kf7 59. Ra5
Ke6 60. Re5+ Kf7 61. Rh5 h6 62. Re5 Rg6+ 63. Kh3 Rg1 64. Re1 Rg8 65. Rf1+ Ke8
66. Rf6 h5 67. Rh6 Ng6 68. Kg3 Kf7 69. Rxh5 Rd8 70. Rf5+ Kg8 71. h5 Nf8 72. Rb5
Rd3+ 73. Kg4 Nd7 74. Rg5+ Kf8 75. h6 1-0

[Event "Superettan(Mark-Orebro)"]
[Site "?"]
[Date "2010.02.28"]
[Round "5"]
[White "Svensson, Leif"]
[Black "Larsson, Patrik"]
[Result "1-0"]
[WhiteElo "2236"]
[BlackElo "2040"]
[PlyCount "55"]

1. d4 Nf6 2. Nc3 d6 3. e4 c6 4. Bg5 Nbd7 5. Qd2 e5 6. Nf3 Be7 7. Be2 O-O 8. O-O
b5 9. a3 Re8 10. d5 cxd5 11. Nxd5 Nxd5 12. Qxd5 Nb6 13. Bxe7 Rxe7 14. Qxb5 Bb7
15. Bd3 d5 16. Rfe1 f5 17. Rad1 Qf8 18. exd5 e4 19. d6 Rf7 20. Ne5 exd3 21.
Nxf7 dxc2 22. Nh6+ gxh6 23. Qb3+ Qf7 24. Qxc2 Be4 25. Qc3 Rc8 26. Qg3+ Qg6 27.
f3 Bd5 28. d7 1-0

[Event "Superettan(Mark-Orebro)"]
[Site "?"]
[Date "2010.02.28"]
[Round "5"]
[White "Blomstrom, Lars"]
[Black "Sixtensson, Mikael"]
[Result "0-1"]
[WhiteElo "2116"]
[BlackElo "2271"]
[PlyCount "88"]

1. e4 g6 2. d4 c5 3. dxc5 Qa5+ 4. c3 Qxc5 5. Nf3 Bg7 6. Bd3 Nf6 7. O-O O-O 8.
h3 d5 9. e5 Nfd7 10. Qe2 Nc6 11. Bf4 f6 12. exf6 exf6 13. Nbd2 Nde5 14. Nb3 Qb6
15. Rad1 Be6 16. Bb1 Bf7 17. Nfd4 Rfe8 18. Bc1 Re7 19. Qc2 Nc4 20. g3 Rae8 21.
Kg2 Re4 22. h4 f5 23. h5 Nxd4 24. Nxd4 Bxd4 25. Rxd4 Re2 26. Qd3 Nxb2 27. Qf3
Nc4 28. hxg6 hxg6 29. Bxf5 gxf5 30. Qxf5 R8e4 31. Rh1 Rxd4 32. Qh7+ Kf8 33.
Qh8+ Ke7 34. Bg5+ Kd7 35. cxd4 Qe6 36. Qd8+ Kc6 37. Rh6 Bg6 38. Bf4 Kb5 39.
Rxg6 Qxg6 40. Qxd5+ Kb4 41. Qxb7+ Kc3 42. Qb3+ Kxd4 43. Bb8 Ne3+ 44. Kf3 Qg4#
0-1

[Event "Superettan(Mark-Orebro)"]
[Site "?"]
[Date "2010.02.28"]
[Round "5"]
[White "Hautajarvi, Jukka"]
[Black "Horngren, Johannes"]
[Result "1-0"]
[WhiteElo "2187"]
[BlackElo "1619"]
[PlyCount "49"]

1. g3 g6 2. Bg2 Bg7 3. c4 Nf6 4. Nc3 O-O 5. d3 d6 6. Bd2 e5 7. e3 Nbd7 8. Qc2
Re8 9. Nge2 a5 10. O-O Nc5 11. Rad1 Bf5 12. e4 Bd7 13. h3 Nh5 14. g4 Nf6 15. f4
h5 16. gxh5 Nxh5 17. f5 Qh4 18. Be3 Kh8 19. Qd2 Bf6 20. Nd5 Rg8 21. Bxc5 Bg5
22. Bf2 Ng3 23. Bxg3 Qh6 24. Qe1 gxf5 25. exf5 1-0